Environmental management-Examples of environmental performance evaluation (EPE)

The purpose of this technical report to provide real-life examples for the consideration of organizations undertaking EPE. The examples aim to encourage and assit organizations, particularly small and medium,...

Na minha lista:
Detalhes bibliográficos
Formato: Livro
Idioma:Undetermined
Publicado em: Geneva Dansk Standard 1999
Assuntos:
Tags: Adicionar Tag
Sem tags, seja o primeiro a adicionar uma tag!
Thư viện lưu trữ: Trung tâm Học liệu Trường Đại học Cần Thơ
LEADER 00721nam a2200169Ia 4500
001 CTU_142593
008 210402s9999 xx 000 0 und d
082 |a 363.7 
082 |b E61 
245 0 |a Environmental management-Examples of environmental performance evaluation (EPE) 
260 |a Geneva 
260 |b Dansk Standard 
260 |c 1999 
520 |a The purpose of this technical report to provide real-life examples for the consideration of organizations undertaking EPE. The examples aim to encourage and assit organizations, particularly small and medium,... 
650 |a Environmental management,Bảo vệ môi trường 
904 |i Năm 
980 |a Trung tâm Học liệu Trường Đại học Cần Thơ